| 000 | 00517nam a2200181Ia 4500 | ||
|---|---|---|---|
| 005 | 20250326125642.0 | ||
| 008 | 250326s9999 xx 000 0 und d | ||
| 037 | _aTextbook | ||
| 040 |
_aFMSL _beng _cFMSL |
||
| 041 |
_aeng _2eng |
||
| 084 |
_aX:8M K23 _qFMSL |
||
| 100 | _aKahn G | ||
| 245 | 0 |
_aPractice materials in progressive filling and records management _cKahn G; Yerian T And Others |
|
| 260 |
_aNY _bNY, Gregg _c1962 |
||
| 300 | _a30p | ||
| 942 |
_cTB _hX:8M K23 |
||
| 999 |
_c1278959 _d1278959 |
||